[Event "IND-ch"]
[Site "Tenali"]
[Date "1985.??.??"]
[Round "?"]
[White "Anand, Viswanathan"]
[Black "Koshy, Varugeese"]
[Result "1-0"]
[WhiteElo "2380"]
[BlackElo "2355"]
[PlyCount "53"]
[EventDate "1984.??.??"]
[EventType "game"]
[EventRounds "1"]
[EventCountry "IND"]
[SourceTitle "EXT 2011"]
[Source "ChessBase"]
[SourceDate "2010.11.26"]
[SourceVersion "1"]
[SourceVersionDate "2010.11.26"]
[SourceQuality "1"]

1. e4 g6 2. d4 Bg7 3. Nc3 d6 4. f4 Nf6 5. Nf3 c5 6. Bb5+ Bd7 7. e5 Ng4 8. e6
Bxb5 9. exf7+ Kd7 10. Nxb5 Qa5+ 11. Nc3 cxd4 12. Nxd4 Bxd4 13. Qxd4 Nc6 14. Qc4
Qb6 15. Qe2 h5 16. h3 Nh6 17. Bd2 Nf5 18. O-O-O Ng3 19. Qd3 Nxh1 20. Rxh1 Qd4
21. Qxg6 Qf6 22. Qxf6 exf6 23. Nd5 f5 24. Re1 Rh6 25. Bc3 Rc8 26. Bg7 Re6 27.
Rd1 1-0

[Event "World U16-ch10"]
[Site "Champigny sur Marne"]
[Date "1984.04.??"]
[Round "3"]
[White "Anand, Viswanathan"]
[Black "Apicella, Manuel"]
[Result "1-0"]
[WhiteElo "2285"]
[BlackElo "2290"]
[Annotator "Anand/Ftacnik"]
[PlyCount "49"]
[EventDate "1984.04.01"]
[EventType "swiss"]
[EventRounds "11"]
[EventCountry "FRA"]
[SourceTitle "EXT 2018"]
[Source "ChessBase"]
[SourceDate "2017.10.13"]
[SourceVersion "1"]
[SourceVersionDate "2017.10.13"]
[SourceQuality "1"]
[TimeControl "40/9000:16/5400:0"]

1. e4 {Anand: I won the first few games easily. Then I beat a boy called
Apicella and I still remember, Ivanchuk came and spoke to me that day. He said,
thank you very much. I asked, why? He said, 'Apicella beat me two days ago,
and I am very grateful for you to take revenge on my behalf.' That was our
first contact.} c5 2. Nf3 d6 3. d4 cxd4 4. Nxd4 Nf6 5. Nc3 g6 {One of the most
popular defenses thanks to Tony Miles, the British grandmaster.} 6. Be3 Bg7 7.
f3 O-O 8. Qd2 Nc6 9. O-O-O Bd7 (9... d5 $142 {Herrera,I (2285)-Apicella, M Wch
U14 Champigny sur Marne 1984 0-1}) 10. h4 (10. g4) (10. Bc4) 10... Qa5 11. g4
Rfc8 12. Nb3 Qe5 $6 $146 {Anand: In a sharp variation, he jumbled the move
order.} (12... Qc7 13. h5 Ne5 14. Nd4 Qa5 15. Kb1 Nc4 16. Bxc4 Rxc4 17. hxg6
hxg6 18. Nf5 Bxf5 19. gxf5 Rac8 20. fxg6 Rxc3 21. e5 Qb5 22. Rh2 Rxc2 23. Qxc2
Rxc2 24. Rxc2 Ne8 25. exd6 Nxd6 26. gxf7+ Kxf7 27. Bxa7 Nc4 {0-1 (27) Nielsen,
C-Petersen,K Hinnerup 1979}) 13. g5 $1 Nb4 $2 {What I remember most about this
game was Ivanchuk coming by, looking at the board and laughing "Ha, ha, ha!"
He said Apicella had played this move and walked away, seeming to get
vicarious pleasure in the act.} (13... Nh5 $8 14. f4 Qe6 15. Bh3 $18) 14. Bd4 {
[%csl Re5] I was able to out-manoeuvre him and won quite easily} Qe6 15. gxf6
exf6 16. Kb1 a5 17. Bh3 Qe8 18. Bxd7 Qxd7 19. a3 Nc6 20. Nd5 Nxd4 21. Nxd4 Qd8
22. h5 b5 23. hxg6 hxg6 24. Nf5 $1 gxf5 25. Rdg1 {[%cal Gd2h6,Gg1g7]} (25. Rdg1
Kf8 26. Rxg7 Kxg7 27. Qh6+ Kg8 28. Rg1#) 1-0

[Event "World U16-ch10"]
[Site "Champigny sur Marne"]
[Date "1984.04.??"]
[Round "4"]
[White "Anand, Viswanathan"]
[Black "Lutz, Christopher"]
[Result "1-0"]
[WhiteElo "2285"]
[BlackElo "2200"]
[Annotator "Primel,D"]
[PlyCount "145"]
[EventDate "1984.04.01"]
[EventType "swiss"]
[EventRounds "11"]
[EventCountry "FRA"]
[SourceTitle "EXT 2015"]
[Source "ChessBase"]
[SourceDate "2014.11.20"]
[SourceVersion "1"]
[SourceVersionDate "2014.11.20"]
[SourceQuality "1"]
[TimeControl "40/9000:16/5400:0"]

1. e4 {Source: Biulletin CCC of the USSR 1984, No.15, p.} c5 2. Nf3 {Il
s'agissait du premier tournoi disputé à l'étranger par l'indien et pour
l'anecdote, il s'est fait enregistré dans ce tournoi avec une inversion entre
le nom et le prénom. La FIDE n'a jamais rectifié l'erreur et Anand est en
fait, un prénom.} e6 3. d4 cxd4 4. Nxd4 a6 5. Nc3 b5 {[%cal Gc8b7,Gb5b4,Gb7e4]
Une variante active mais qui donne une avance de développement aux Blancs} (
5... Qc7) (5... Nf6) 6. Be2 (6. Bd3) 6... d6 {Les Noirs n'ont joué que des
coups de P et la moindre imprécision pourrait être très dangereuse avec un
tel retard de développement} 7. O-O Nf6 (7... Bb7 8. f4 Nd7 9. Bf3 Qc7 $132 {
[%csl Ge5][%cal Gc7b7];Prandstetter,E (2430)-Zapata,A (2425) Capablanca
Memorial-A 1983 0-1}) 8. f4 Nbd7 9. Bf3 {[%cal Gf3a8,Ge4e5]} Bb7 10. e5 $1 $32
Bxf3 11. Nxf3 dxe5 (11... Ng4 $5 12. Qe2 b4 13. Ne4 d5 {Filipovic,B (2335)
-Adorjan,A (2530) Banja Luka 1983 (8) 0-1}) 12. fxe5 Ng4 (12... b4 13. exf6
bxc3 14. fxg7 Bxg7 15. b3 O-O 16. Qe2 Qa5 17. a4 Nf6 18. Ne5 Qd5 19. Ba3 Rfe8
20. Rae1 Rad8 21. Bc1 Qc5+ 22. Kh1 Rd5 23. Be3 Qc8 24. Bf4 Rf8 25. Nc4 Nd7 26.
Qf3 Qc6 27. Bc1 Qc7 28. Bf4 Qc6 29. Qg3 f5 30. Qf3 Rc8 31. Qg3 Kh8 32. Nd6 Nf6
33. Nxc8 Qxc8 34. Be5 Rd2 35. Qxc3 Qd8 36. Qf3 Ng4 37. Bxg7+ Kxg7 38. h3 Qh4
39. Kg1 Nf6 40. Rxe6 Qd4+ 41. Qe3 Qd5 42. Qg5+ {Tseshkovsky,V (2575)
-Kupreichik,V (2580) Frunze 1981 1-0}) 13. Qe2 Qb6+ (13... b4 14. Ne4 Ngxe5 15.
Nxe5 Nxe5 16. Ng5 $44 {[%csl Re8][%cal Gg5f7,Ge2e5,Gg5e6]}) 14. Kh1 Bc5 (14...
b4 $6 15. Ng5 {[%csl Rf7]} Nh6 (15... bxc3 16. Qxg4) 16. Nce4 $36) 15. h3 $146
(15. Ne4 Ngxe5 16. Nxe5 Nxe5 17. Qh5 Qc7 18. Bf4 {1-0 (18) Hass,J-Borensztajn,
D Brazil 1977}) 15... Ne3 16. Bxe3 Bxe3 17. Rad1 (17. Ne4 {[%cal Ge4d6]} O-O
18. Rad1 (18. Rae1)) 17... Rd8 18. Ne4 O-O 19. Rd6 Qa7 20. Rfd1 $16 {[%csl Gd6,
Rd7,Rd8]} Bb6 21. Qd3 $36 {[%csl Rd7,Rd8]} h6 $6 (21... Nc5 {[%cal Gc5d3] Un
moindre mal}) 22. Rxd7 Rxd7 23. Qxd7 Rd8 24. Qxd8+ $1 Bxd8 25. Rxd8+ Kh7 26.
Rd4 Qe7 27. a4 bxa4 28. Rxa4 Qd7 29. Rd4 Qb5 30. b3 Kg6 31. Nd6 Qf1+ 32. Kh2
$18 {Les pièces Blanches sont bien coordonnées et la Q ne peut rien attaquer}
f5 33. exf6 Kxf6 34. c4 {[%csl Gc4]} Qb1 (34... e5 35. Rd5) 35. Rf4+ Ke7 36. c5
e5 (36... Qxb3 37. Rf7+ Kd8 38. Ne5 {[%cal Ge5c6]}) 37. Nxe5 Qxb3 38. Ndc4 g5
39. Rf3 Qb8 40. c6 h5 41. c7 Qg8 {Les Noirs ont ajourné mais sans espoir de
sauver la partie} 42. Nb6 g4 {[%cal Gg4f3,Gg4g3]} 43. Nc6+ (43. Rf7+ Ke6 44.
c8=Q+) 43... Kd6 44. Rf6+ $4 {Une gaffe incroyable qui va laisser les Noirs
revenir dans la partie} (44. c8=Q $8) 44... Kxc7 45. Ne7 g3+ $1 {[%csl Rh2] Et
la partie n'est plus si claire à cause du risque de mat du couloir!} 46. Kh1
$1 (46. Kg1 $143 {Ce coup naturel donne une option supplémentaire aux Noirs
avec la menace Qd4 gagnant la Rf6} Qb3 $1 $132 {[%csl Rf6,Rg1][%cal Gb3d1,
Gd1d4,Gd4f6]}) 46... Qb3 47. Ned5+ Kb7 48. Rf7+ Kc6 49. Rf1 a5 $1 $132 {
[%csl Ga5]} 50. Ra1 Qd3 (50... Qb2) 51. Rc1+ Kd6 52. Ne3 $1 Ke7 (52... Qxe3 53.
Nc4+ {[%cal Gc4d6,Gc4e3]}) 53. Re1 Kf7 54. Nec4 Kf6 55. Nxa5 {Après la perte
du P passé, les Noirs doivent à nouveau lutter pour une défense très
difficile} Qd2 {[%cal Gd2a5,Gd2e1]} 56. Rf1+ Kg5 57. Nac4 {Les Noirs sont pour
l'instant trop éloignés de l'aile-roi pour assurer le gain} Qe2 58. Rc1 Qe6
$1 {[%cal Ge6c4,Ge6b6]} 59. Na4 Qc6 60. Nab2 Qd5 61. Nd1 Qd3 {[%cal Gd3f1]} 62.
Nde3 Qe2 63. Nf1 {[%cal Gc4e3]} Qf2 64. Ncd2 {[%cal Gd2f3]} (64. Nce3) 64...
Kf5 65. Rc3 $1 {[%cal Gc3f3,Gf3f2]} Kg6 66. Rxg3+ Kh7 67. Rf3 $18 Qe1 68. Kg1
Kg6 69. Rf2 Kh6 70. Nf3 Qb1 71. h4 Kh7 72. Kh2 Qb8+ 73. Ng3 {[%emt 0:00:10]
Après ce gain, l'indien prend la tête du Championnat avec 4/4} 1-0

[Event "World U16-ch10"]
[Site "Champigny sur Marne"]
[Date "1984.04.??"]
[Round "5"]
[White "Lhagvasuren, Cedendemberel"]
[Black "Anand, Viswanathan"]
[Result "1/2-1/2"]
[WhiteElo "2200"]
[BlackElo "2285"]
[PlyCount "77"]
[EventDate "1984.04.01"]
[EventType "swiss"]
[EventRounds "11"]
[EventCountry "FRA"]
[SourceTitle "EXT 2015"]
[Source "ChessBase"]
[SourceDate "2014.11.20"]
[SourceVersion "1"]
[SourceVersionDate "2014.11.20"]
[SourceQuality "1"]
[TimeControl "40/9000:16/5400:0"]

1. e4 c5 {Avec 4/4, l'indien devenait un des favoris du championnat mais il
est tombé malade au millieu du Championnat} 2. Nf3 e6 3. d4 cxd4 4. Nxd4 Nf6
5. Nc3 Bb4 {Une variante assez risquée} (5... Bc5) (5... Nc6 6. Nxc6) 6. Ndb5
{Un coup naturel mais la poussée 6.e5 est plus dangereuse} (6. e5 $142 $1 Nd5
7. Bd2 (7. Qg4)) 6... Nxe4 {[%emt 2:28:00] rentrant dans des complications} (
6... O-O 7. a3 Bxc3+ 8. Nxc3 d5 9. Bg5 d4 10. e5 dxc3 11. Qxd8 Rxd8 12. exf6
cxb2 13. Rb1 Rd5 14. h4 Re5+ 15. Kd2 gxf6 16. Bxf6 Rf5 17. Bxb2 Rxf2+ 18. Ke3
Rxc2 19. Bd3 Rxb2 20. Rxb2 Nd7 21. Rb5 Nf6 22. Rf1 Nd5+ 23. Kd4 b6 24. Rb3 h6
25. Ke5 f6+ 26. Rxf6 Nxf6 27. Kxf6 Bb7 28. Bg6 Rf8+ 29. Kxe6 Kg7 30. Bh5 Bd5+
31. Kxd5 Rf5+ 32. Ke6 Rxh5 33. Rg3+ Kh7 34. Rg4 Ra5 35. Kf6 Rxa3 36. Rg7+ {
Roos,L (2340)-Plachetka,J (2435) Bagneux 1982 1/2-1/2}) 7. Qg4 $1 $146 (7. Qd4
Nxc3 8. Qxb4 Nxb5 9. Bxb5 Nc6 10. Qc3 Qa5 11. Bd2 Qxb5 12. O-O-O O-O 13. Qg3
Ne7 14. Bc3 f6 15. h4 Qh5 16. Qh2 d5 17. g4 Qf7 18. Rdf1 e5 19. Bd2 Bxg4 20.
Rfg1 Bf3 21. Rxg7+ Kxg7 22. Rg1+ Kh8 23. Rg3 Bh5 24. Bh6 Rg8 25. Qg1 Rxg3 26.
Qxg3 Nf5 {0-1 (26) Georges,E-Croes,W Haifa 1976}) 7... Nxc3 8. bxc3 Bf8 9. Bf4
$32 {[%cal Gb5c7,Gb5d6]} Na6 10. Nd6+ Bxd6 11. Bxd6 $14 {[%csl Gd6,Re8]} Qf6 $1
{[%cal Gf6g7,Gf6c3,Gf6g6]} 12. Qg3 Qg6 13. Qf3 Nb8 {Le Na6 était dominé par
le Bd6 et les Noirs n'ont pas le choix} (13... f6 14. Bd3) 14. Bb5 $6 (14. Bd3
$142 $1 {[%cal Gd3g6,Ge1g1] Accentue l'avance de développement} Qf6 15. Qg3
Qxc3+ 16. Ke2 {[%cal Gd6e5]} Nc6 17. Rab1) 14... a6 15. Ba4 {[%csl Ra4] Le Ba4
est hors-jeu} Qf6 16. Qg3 b5 17. Bxb8 Rxb8 18. Qxb8 Qxc3+ 19. Ke2 bxa4 20. Qd6
Qxc2+ 21. Ke3 $13 Qc3+ 22. Ke2 Qc4+ 23. Kd2 Qc6 24. Qxc6 dxc6 25. Rhc1 Kd7 26.
Kc3 Kc7 27. Rd1 Bb7 28. Kc4 $1 {[%cal Gc4c5]} h5 $1 {[%cal Gh5h4,Gh8h5]} 29. h4
(29. Kc5 h4 {[%cal Gh8h5]}) 29... e5 30. Rd2 $36 Bc8 31. Re1 $6 {Trop lent} (
31. Kc5 {[%cal Gd2d6,Gd6c6]}) 31... Re8 32. Rde2 f6 $132 33. f4 a5 34. Kc3 Kd6
35. Rd2+ Kc7 36. Rde2 Kd6 37. Rd2+ Kc7 38. Rde2 {[%emt 0:00:10]} Kd6 39. Rd2+ {
Une partie difficile pour l'indien  Source: Biulletin CCC of the USSR 1984, No.
15,} 1/2-1/2

[Event "World U16-ch10"]
[Site "Champigny sur Marne"]
[Date "1984.04.??"]
[Round "6"]
[White "Anand, Viswanathan"]
[Black "Dreev, Alexey"]
[Result "1/2-1/2"]
[WhiteElo "2285"]
[BlackElo "2325"]
[Annotator "Anand,V"]
[PlyCount "32"]
[EventDate "1984.04.01"]
[EventType "swiss"]
[EventRounds "11"]
[EventCountry "FRA"]
[SourceTitle "EXT 2015"]
[Source "ChessBase"]
[SourceDate "2014.11.20"]
[SourceVersion "1"]
[SourceVersionDate "2014.11.20"]
[SourceQuality "1"]

1. e4 {After the fifth round, I was running a high fever and was diagnosed
with jaundice. I played the rest of the event under the yellow spell. I drew
most of my games} e5 {Dreev went on to win the event half a point ahead of a
pack comprising Chucky, Piket and me. Later, we would all again clash at the
World Junior Championship. A few years later, Dreev would play me in a match
to be a challenger for the World title.} 2. Nf3 d6 3. Nc3 c5 4. Bc4 Nc6 5. O-O
h6 6. d3 Nf6 (6... g6 7. Ne1 Nf6 8. f4 Bg7 9. Nf3 O-O 10. fxe5 dxe5 11. Be3 b6
12. Nd5 Ne8 13. a3 Nd6 14. Ba2 Be6 15. b4 cxb4 16. axb4 f5 17. Nxb6 Bxa2 18.
Nxa8 Bf7 19. Bc5 Re8 20. Ra6 Qc8 21. Qa1 Nxe4 22. dxe4 Bc4 23. Re1 fxe4 24.
Rxe4 Bd5 25. Qe1 Nxb4 26. Qxb4 Bxe4 27. Qxe4 Qxa6 28. Nc7 Qa1+ 29. Kf2 Rc8 30.
Ne6 Kh7 31. Nh4 Rg8 {1-0 (31) Shamkovich,L (2485)-Christiansen,L (2460) Mentor
1977}) 7. Ne2 $146 (7. Ne1 Be7 8. Nd5 Nxd5 9. Bxd5 Bf6 10. c3 Ne7 11. Bb3 Bd7
12. f4 Ng6 13. Qh5 Qe7 14. f5 Nf8 15. Nc2 Bc6 16. Ne3 Nd7 17. a4 Bg5 18. Nc4
Bxc1 19. Raxc1 Nf6 20. Qe2 b6 21. Ne3 Qd7 22. Ra1 O-O 23. Ng4 Qe7 24. Nxf6+
Qxf6 25. Rf3 Rfe8 26. Bd5 Bxd5 27. exd5 a6 28. Qe4 b5 29. Re1 Kf8 30. Rf2 Re7
31. g3 Rc7 32. Ra1 Rcc8 33. b3 bxa4 34. Qxa4 e4 35. dxe4 Qxc3 36. Raf1 Qf6 {
Schrancz,I (2315)-Lanc,A (2380) Zamardi 1980 0-1}) 7... Bg4 8. Ne1 Be7 9. h3
Be6 10. Bxe6 fxe6 11. f4 O-O 12. Nf3 Qd7 13. Be3 Nh5 14. fxe5 dxe5 15. Qd2 Qd6
16. c3 Rad8 1/2-1/2

[Event "World U16-ch10"]
[Site "Champigny sur Marne"]
[Date "1984.04.??"]
[Round "7"]
[White "Ivanchuk, Vassily"]
[Black "Anand, Viswanathan"]
[Result "1/2-1/2"]
[WhiteElo "2390"]
[BlackElo "2285"]
[Annotator "Anand,V"]
[PlyCount "55"]
[EventDate "1984.04.01"]
[EventType "swiss"]
[EventRounds "11"]
[EventCountry "FRA"]
[SourceTitle "EXT 2015"]
[Source "ChessBase"]
[SourceDate "2014.11.20"]
[SourceVersion "1"]
[SourceVersionDate "2014.11.20"]
[SourceQuality "1"]
[TimeControl "40/9000:16/5400:0"]

{My first foreign tournament was the World Sub-Juniors in 1984 in Paris. As I
had won the National Sub-Juniors, I was selected to go to the World Sub-Junior,
and I went with my parents. It is interesting to look back now. I met a boy
called Vassily Ivanchuk there! We were both 14 then. I also met there for the
first time some of my other friends like Jeroen Piket, Ferdinand Hellers and
Alexey Dreev. It is quite funny, but you get the feeling that all these guys
have trainers and everyone else is stronger than you. There was this guy who
had a Grandmaster as his trainer, and you were terribly impressed. So, I
played every game as a challenge or struggle.} 1. d4 {1) Biulletin SSS of the
USSR 1984, No.15, p.} Nf6 2. c4 g6 3. Nc3 Bg7 4. e4 d6 5. Nf3 O-O 6. Be2 e5 7.
Be3 exd4 8. Nxd4 Re8 9. f3 c6 10. Qd2 d5 11. exd5 cxd5 12. O-O dxc4 13. Bxc4
Nbd7 $146 (13... a6 14. Rad1 b5 15. Bb3 Bb7 16. Bh6 Bxh6 17. Qxh6 Nbd7 18. Ne4
Bd5 19. Bxd5 Nxd5 20. Nd6 Re5 21. Nxf7 Kxf7 22. Qxh7+ Kf6 23. Qh4+ g5 24. Qh6+
Kf7 25. Nc6 Qb6+ 26. Kh1 Kg8 27. f4 gxf4 28. Rxd5 {1-0 (28) Christiansen,L 
(2490)-Rodriguez Cespedes,A (2470) Amsterdam 1978}) 14. Rad1 Ne5 15. Bb3 a6 16.
Bg5 Qb6 17. Kh1 Bd7 18. f4 Nc6 19. Nxc6 Bxc6 20. f5 Rad8 21. fxg6 hxg6 22. Qc2
Rxd1 23. Qxd1 {[#]} Re5 $11 24. Qd2 Rf5 (24... Qc5) 25. Rxf5 gxf5 26. Be3 Qc7
27. Bf4 Qe7 28. Bc2 $11 (28. Bc2 Ne4) 1/2-1/2

[Event "World U16-ch10"]
[Site "Champigny sur Marne"]
[Date "1984.04.??"]
[Round "8"]
[White "Anand, Viswanathan"]
[Black "Piket, Jeroen"]
[Result "1/2-1/2"]
[WhiteElo "2285"]
[BlackElo "2214"]
[Annotator "Anand,V"]
[PlyCount "127"]
[EventDate "1984.04.01"]
[EventType "swiss"]
[EventRounds "11"]
[EventCountry "FRA"]
[SourceTitle "EXT 2015"]
[Source "ChessBase"]
[SourceDate "2014.11.20"]
[SourceVersion "1"]
[SourceVersionDate "2014.11.20"]
[SourceQuality "1"]

1. e4 g6 2. d4 Bg7 3. Nc3 d6 4. f4 Nf6 5. Nf3 O-O 6. e5 dxe5 7. dxe5 Qxd1+ 8.
Kxd1 Ng4 9. Ke1 c6 10. h3 Nh6 11. Bc4 (11. g4 Na6 12. f5 Nb4 13. Rh2 gxf5 14.
g5 Ng4 15. hxg4 fxg4 16. a3 gxf3 17. axb4 Bxe5 18. Rh1 Bg3+ 19. Kd2 Bf5 20. Ke3
Bxc2 21. Ne4 Bxe4 22. Kxe4 Bd6 23. Bd2 a6 24. Bc3 f5+ 25. gxf6 exf6 26. Bc4+
Kh8 27. Rad1 Rad8 28. Rh6 Be5 29. Rxd8 Rxd8 30. Rxf6 Bxc3 31. bxc3 Ra8 32. Rxf3
a5 33. Rg3 axb4 34. cxb4 h6 35. Kf5 Rf8+ 36. Kg6 Rf4 37. Be6 Re4 38. Bf5 Re7
39. Rd3 Re8 40. Kf7 Rb8 {Wittmann,W (2200)-Meulders,R (2200) Graz 1972 1-0})
11... Nd7 12. Be3 $146 (12. g4 b5 13. Bb3 Nc5 14. Be3 Nxb3 15. axb3 a6 16. Bc5
Re8 17. Nd4 Bb7 18. Ne4 f6 19. Ne6 Rac8 20. Rd1 fxe5 21. Rd7 Ba8 22. Nxg7 Kxg7
23. Nd6 Nf7 24. Nxc8 Rxc8 25. fxe5 Nxe5 26. Rxe7+ {1-0 (26) Eros,P-Demian,V
Pula 1972}) 12... Nf5 13. Bf2 e6 14. Ne2 b5 15. Bb3 Bb7 16. Rd1 Rad8 17. g4 c5
18. gxf5 Bxf3 19. Rf1 c4 20. Bh4 Bd5 21. Bxd8 Rxd8 22. Nc3 Nb6 23. Nxb5 cxb3
24. axb3 a6 25. Nd6 Bf8 26. f6 h5 27. c4 Bxd6 28. exd6 Rxd6 29. cxd5 Nxd5 30.
Rf3 Rb6 31. Rd4 Nxf6 32. b4 Nd5 33. Rb3 Rb5 34. Ra3 Nxb4 35. Kd2 a5 36. b3 Kf8
37. Rd7 Ke8 38. Ra7 Nc6 39. Rc7 Nd4 40. Ke3 Nxb3 {I also remember I had an
adjourned game with Piket. That meant I missed the early bus back to the hotel.
There were buses at different times; one at 8 and another at 10. I wanted to
take the 8 o'clock bus as I felt the game was heading for a draw.  So I went
and told my opponent, 'Would you mind if we made a draw? We can both go back
then.'  He thought for a while and then his trainer said, no. At ten, we
started to play and at 10.05, Piket said, 'It's a draw. I was very annoyed
because the next bus after that was at 12 and it was extremely cold outside.}
41. Ra7 Rb4 42. Ra2 Nd4 43. R7xa5 Nf5+ 44. Kf3 Rb3+ 45. Kg2 Rg3+ 46. Kh2 Rf3
47. R5a4 Ke7 48. Rb2 Kf6 49. Kg2 Rc3 50. Ra7 Rg3+ 51. Kh2 Rf3 52. Rbb7 Rf2+ 53.
Kg1 Rxf4 54. Rxf7+ Kg5 55. Ra5 Rb4 56. Re5 Rb6 57. Re4 Rb1+ 58. Kh2 Rb2+ 59.
Kg1 Rb6 60. Rf8 Rd6 61. Rf7 Rd1+ 62. Kh2 Rd2+ 63. Kg1 Nd4 64. Rf2 {Biulletin
CCC of the USSR 1984, No.15, p. 11} 1/2-1/2

[Event "World U16-ch10"]
[Site "Champigny sur Marne"]
[Date "1984.04.??"]
[Round "9"]
[White "Hellers, Ferdinand"]
[Black "Anand, Viswanathan"]
[Result "0-1"]
[WhiteElo "2200"]
[BlackElo "2285"]
[PlyCount "84"]
[EventDate "1984.04.01"]
[EventType "swiss"]
[EventRounds "11"]
[EventCountry "FRA"]
[SourceTitle "EXT 2004"]
[Source "ChessBase"]
[SourceDate "2003.11.25"]
[SourceVersion "1"]
[SourceVersionDate "2003.11.25"]
[SourceQuality "1"]
[TimeControl "40/9000:16/5400:0"]

1. e4 c5 2. Nf3 e6 3. d4 cxd4 4. Nxd4 Nf6 5. Nc3 d6 6. g4 h6 (6... Nc6) 7. g5 (
7. h4) 7... hxg5 8. Bxg5 Nc6 9. Qd2 Qb6 10. Nb3 a6 (10... Ne5 {[%cal Ge5f3]})
11. O-O-O Bd7 (11... Qc7 12. f4) 12. f4 O-O-O 13. h4 (13. Bg2) 13... Qc7 (13...
Be7 14. Be2 {Browne,W (2575)-Hutchings,S (2310) Nice ol (Men) fin-A 1974 (13)
1/2-1/2}) 14. Be2 (14. h5 Be7 15. Be2 {Cuartas,C (2435)-Modr,B (2355) Prague
Bohemians 1982 (4) 1-0}) 14... Be7 15. h5 {[%csl Rg7]} Kb8 16. Bf3 (16. Kb1 Bc8
17. Bf3 Ng8 18. Rdg1 Rh7 19. Qf2 Bxg5 20. Rxg5 Nge7 21. Rd1 g6 22. hxg6 Nxg6
23. Rh5 Rg7 24. Rg1 Rgg8 25. Rhg5 Nge7 26. Bh5 Rxg5 27. Rxg5 f5 28. exf5 Nxf5
29. Bg4 Nce7 30. a3 Rf8 31. Be2 Nc6 32. Bd3 Nfe7 33. Qe3 Qd8 34. Nd2 Qc7 35.
Rh5 Qd8 36. Ne2 Nd5 37. Qg3 Qa5 38. f5 e5 39. Nc4 Qc7 40. Rh6 Nf6 41. Nc3 Qe7
42. Ne3 Nd4 43. Rg6 Qd8 44. Rg5 Nh7 45. Rg7 Nf6 {Karpov,A (2725)-Andersson,U 
(2590) Skara 1980 1/2-1/2}) 16... Bc8 17. Bh4 b5 $146 (17... d5 18. e5 Ne4 19.
Bxe4 dxe4 20. Qe2 f5 21. Bf2 b5 22. a3 Na5 23. Nxa5 Qxa5 24. Rh3 Qc7 25. Rg1
Rh7 26. Nxb5 axb5 27. Qxb5+ Qb7 28. Qe2 Qa6 29. Rb3+ Ka8 30. Qe3 Rd5 31. Rb6
Qa7 32. Qc3 Qd7 33. Rc6 Kb8 34. Bb6 Bd8 35. Bxd8 Qxd8 36. Qb4+ Bb7 37. Rxe6
Rxh5 38. Rb6 Rd7 39. e6 Rc7 40. Rd6 Qf6 41. Rd7 Rxd7 42. exd7 Rh8 43. Qa5 e3
44. Rd1 Rd8 45. Rd3 e2 46. Kd2 e1=Q+ 47. Kxe1 {Edelstein,M-Pedneault,M Canada
1982 1/2-1/2}) 18. Bf2 Bb7 19. a3 Nd7 $1 20. Rh3 Nc5 21. Qe3 Ba8 22. Be2 Rhe8
23. Nd4 Nxd4 24. Qxd4 e5 $1 25. fxe5 dxe5 26. Qe3 Ne6 $15 {[%cal Ge6d4,Ge6f4]}
27. Rg3 Rxd1+ 28. Bxd1 Rd8 29. Bf3 Bc5 $1 {[%csl Rf3] La partie a basculé} 30.
Qe1 Bxf2 31. Qxf2 f6 $17 32. Nd5 Bxd5 33. exd5 Nc5 34. Bg2 e4 (34... Nb7 $5 {
[%cal Gb7d6]}) 35. Rc3 Rxd5 36. Qe3 Qe5 37. Kb1 f5 38. Qg5 f4 $19 39. Qg6 Rd6
40. Rxc5 Qxc5 41. Qe8+ Qc8 42. Qe5 Qe6 0-1